Normal view MARC view

Entry Nombre personal

Number of records used in: 7

001 - NÚMERO DE CONTROL

  • campo de control: 70816

003 - IDENTIFICADOR DE NÚMERO DE CONTROL

  • campo de control: SpMaBN

005 - FECHA Y HORA DE LA ÚLTIMA TRANSACCIÓN

  • campo de control: 20250720060315.0

008 - ELEMENTOS DE DATO DE LONGITUD-FIJA

  • campo de control de longitud fija: 921007n| aijnnaabn |a aaa

016 ## - NÚMERO DE CONTROL DE UNA AGENCIA BIBLIOGRÁFICA NACIONAL

  • Número de control del registro: BNE19925808494

024 7# - IDENTIFICADOR DE OTROS ESTÁNDARES

  • Número estándar o código: http://www.wikidata.org/entity/Q6097497
  • Fuente: wikidata

024 7# - IDENTIFICADOR DE OTROS ESTÁNDARES

  • Número estándar o código: http://viaf.org/viaf/56660441/
  • Fuente: viaf

024 7# - IDENTIFICADOR DE OTROS ESTÁNDARES

  • Número estándar o código: https://isni.org/isni/0000000107855325
  • Fuente: isni

040 ## - FUENTE DE CATALOGACIÓN

  • Centro catalogador/agencia de origen: SpMaBN
  • Lengua de catalogación: spa
  • Centro/agencia transcriptor: SpMaBN
  • Normas de descripción: rdc
  • Convención/Normas de encabezamiento de materia/tesauro: embne

046 ## - FECHAS CON CODIFICACIÓN ESPECIAL

  • Fecha de nacimiento: 1957

100 1# - ENCABEZAMIENTO-NOMBRE DE PERSONA

  • Nombre de persona: Lazcano, Rafael,
  • Fechas asociadas al nombre: 1957-

370 ## - LUGAR ASOCIADO

  • Lugar de nacimiento: Mondreganes
  • Fuente de información: Wikidata

375 ## - GÉNERO/SEXO

  • Género: Masculino
  • Fuente de información: Wikidata

377 ## - IDIOMA ASOCIADO

  • Término de lengua/lenguaje: Español

400 1# - TRAZADO DE VÉASE--NOMBRE DE PERSONA

  • Nombre de persona: Lazcano González, Rafael,
  • Fechas asociadas al nombre: 1957-

400 1# - TRAZADO DE VÉASE--NOMBRE DE PERSONA

  • Nombre de persona: Lazcano González, Rafael Alejandro,
  • Fechas asociadas al nombre: 1957-

670 ## - FUENTE DE DATOS ENCONTRADOS

  • Cita de la fuente: Figura y obra de Alonso de Orozco, O.S.A. (1500-1591), 1992
  • Información encontrada: port. (edición, presentación, bibliografía e índices por Rafael Lazcano)

670 ## - FUENTE DE DATOS ENCONTRADOS

  • Cita de la fuente: Agencia Española ISBN, 1992
  • Información encontrada: (Lazcano González, Rafael)

670 ## - FUENTE DE DATOS ENCONTRADOS

  • Cita de la fuente: WWW Wikipedia, 5-7-2016
  • Información encontrada: (Rafael Lazcano nacido en Mondreganes, provincia de León, en 1957; es un historiador, bibliógrafo, biógrafo, y editor de libros; como historiador de temas agustinianos está considerado como "gran conocedor de la Orden de San Agustín")
  • Identificador Uniforme de Recursos: https://es.wikipedia.org/wiki/Rafael_Lazcano

670 ## - FUENTE DE DATOS ENCONTRADOS

  • Cita de la fuente: Octavio Uña Juárez, 2019
  • Información encontrada: portada (Rafael Lazcano González) verso de portada (Rafael Alejandro Lazcano González)

856 4# - LOCALIZACIÓN Y ACCESO ELECTRÓNICOS

  • Identificador Uniforme de Recursos: http://dialnet.unirioja.es/servlet/autorExterno/BNE/1725067